| 000 | 00474nam a22001577a 4500 | ||
|---|---|---|---|
| 008 | 151106b xxu||||| |||| 00| 0 eng d | ||
| 020 | _a978-93-5115-567-6 | ||
| 082 |
_aDC 647.940681 _bB39 |
||
| 245 | _aBed and breakfast startup | ||
| 260 |
_aUAE: _b3G Elearning FZ LLC; _cc2015. |
||
| 300 |
_a84 pages; _c23 cm. |
||
| 650 | 0 |
_9255 _aBed and breakfast accomodations _xManagement |
|
| 650 | 0 |
_9256 _aNew business eterprise _xManagement |
|
| 365 |
_b995.00 _cPHP. |
||
| 942 |
_2ddc _cDC |
||
| 999 |
_c170 _d170 |
||